[Event "CAN-ch"]
[Site "Kingston CAN"]
[Date "2019.04.19"]
[Round "2.16"]
[White "Munro, Allan"]
[Black "Dukic, Zachary"]
[Result "1/2-1/2"]
[WhiteElo "2019"]
[BlackElo "2167"]
[PlyCount "81"]
[EventDate "2019.04.18"]
[EventType "swiss"]
[EventRounds "9"]
[EventCountry "CAN"]

1. e4 e5 2. Nf3 Nc6 3. Bb5 a6 4. Ba4 Nf6 5. d4 exd4 6. O-O Be7 7. Re1 b5 8. Bb3
d6 9. Bd5 Nxd5 10. exd5 Ne5 11. Nxd4 Bd7 12. Nc3 b4 13. Nce2 O-O 14. Ng3 Re8
15. b3 Qb8 16. Bb2 Qb7 17. f4 Ng6 18. Ndf5 Bf8 19. Qd2 Bxf5 20. Nxf5 Ne7 21.
Rxe7 Rxe7 22. Nxe7+ Bxe7 23. Re1 Bf8 24. Re4 Qb6+ 25. Qd4 c5 26. dxc6 Qxc6 27.
Qc4 Qb6+ 28. Bd4 Qa5 29. Re1 Qf5 30. Qxb4 Qxc2 31. Qa5 Rc8 32. h3 Qd3 33. Bf2
d5 34. Qb6 Qd2 35. Qd4 Qxa2 36. Qxd5 a5 37. Bb6 Bb4 38. Qd7 Rf8 39. Re3 Qa1+
40. Kh2 Qf6 41. Bc7 1/2-1/2

[Event "CAN-ch"]
[Site "Kingston CAN"]
[Date "2019.04.19"]
[Round "2.17"]
[White "Masse, Hugues"]
[Black "Wiebe, Isaac"]
[Result "0-1"]
[WhiteElo "2163"]
[BlackElo "2053"]
[PlyCount "92"]
[EventDate "2019.04.18"]
[EventType "swiss"]
[EventRounds "9"]
[EventCountry "CAN"]

1. e4 e6 2. d4 d5 3. Nc3 Bb4 4. e5 c5 5. a3 Bxc3+ 6. bxc3 Qa5 7. Bd2 Qa4 8. Nf3
Nc6 9. Qb1 c4 10. Be2 Nge7 11. O-O b6 12. Qc1 Bd7 13. g3 h6 14. Nh4 O-O-O 15.
Ng2 Kb7 16. Nf4 Nc8 17. Nh5 Rhg8 18. Kh1 b5 19. f4 Nb6 20. g4 Ne7 21. Qb1 Rdf8
22. Bf3 Qa5 23. Qb4 Qxb4 24. axb4 Be8 25. Rae1 Bd7 26. Bg2 Ra8 27. Bh3 a5 28.
bxa5 Rxa5 29. f5 Ra2 30. Rc1 Nc6 31. fxe6 Bxe6 32. Nf4 Re8 33. Nxe6 fxe6 34. g5
hxg5 35. Rf7+ Ka6 36. Rxg7 b4 37. cxb4 Nxd4 38. b5+ Nxb5 39. Bxg5 Nd4 40. Be3
Nxc2 41. Bxb6 Kxb6 42. Rg2 Nb4 43. Rg6 Kc5 44. Rxe6 Rh8 45. Bg2 Nd3 46. Kg1 Rg8
0-1

[Event "CAN-ch"]
[Site "Kingston CAN"]
[Date "2019.04.19"]
[Round "2.18"]
[White "Yao, Houji"]
[Black "Noritsyn, Sergey"]
[Result "1/2-1/2"]
[WhiteElo "2018"]
[BlackElo "2159"]
[PlyCount "120"]
[EventDate "2019.04.18"]
[EventType "swiss"]
[EventRounds "9"]
[EventCountry "CAN"]

1. e4 c5 2. Nf3 d6 3. d4 cxd4 4. Nxd4 Nf6 5. Nc3 a6 6. Be2 e5 7. Nb3 Be7 8. Be3
Be6 9. Nd5 Nbd7 10. Qd3 Bxd5 11. exd5 O-O 12. c4 Nc5 13. Qd2 Nfe4 14. Qb4 f5
15. O-O Qd7 16. f3 Nxb3 17. Qxb3 Nf6 18. a4 f4 19. Bb6 Kh8 20. a5 Nh5 21. Bd3
g5 22. Qa4 Qc8 23. b4 g4 24. Qc2 Nf6 25. Bf5 Qe8 26. fxg4 Qf7 27. Ra3 Rg8 28.
Qe2 Rg7 29. Bf2 Rf8 30. Rh3 h5 31. gxh5 Nxd5 32. Bg6 f3 33. Rxf3 Nf4 34. Qe4
Qe6 35. Bg3 Nxg6 36. hxg6 Rxf3 37. Rxf3 Qxg6 38. Qxg6 Rxg6 39. Rf5 Kg8 40. Kf2
Rg4 41. c5 Rxb4 42. cxd6 Bxd6 43. Ke3 Rb5 44. Ke4 Rxa5 45. Bxe5 Bxe5 46. Rxe5
Ra2 47. Rg5+ Kf7 48. Kd3 Kf6 49. h4 Ra3+ 50. Kc2 b5 51. Rg8 Kf7 52. Rg5 Kf6 53.
Rg8 b4 54. h5 Kf7 55. Rg4 Rc3+ 56. Kb2 a5 57. h6 Rc6 58. Rg7+ Kf8 59. Ra7 Rxh6
60. Rxa5 Rg6 1/2-1/2

[Event "CAN-ch"]
[Site "Kingston CAN"]
[Date "2019.04.19"]
[Round "3.2"]
[White "Hua, Eugene"]
[Black "Noritsyn, Nikolay"]
[Result "1/2-1/2"]
[WhiteElo "2329"]
[BlackElo "2489"]
[PlyCount "83"]
[EventDate "2019.04.18"]
[EventType "swiss"]
[EventRounds "9"]
[EventCountry "CAN"]

1. c4 e5 2. g3 Nf6 3. Bg2 c6 4. d4 e4 5. Nc3 d5 6. cxd5 cxd5 7. Bg5 Bb4 8. Nh3
Bxc3+ 9. bxc3 Nbd7 10. O-O Qa5 11. Qb3 O-O 12. Rfc1 h6 13. Bxf6 Nxf6 14. c4
dxc4 15. Qxc4 Bg4 16. Nf4 Rfc8 17. Qb3 b6 18. h4 Qd2 19. Rd1 Qc3 20. f3 exf3
21. exf3 Bf5 22. Qxc3 Rxc3 23. g4 Be6 24. d5 Bd7 25. g5 Rc4 26. Nd3 Ba4 27.
gxf6 Bxd1 28. Rxd1 gxf6 29. f4 Kf8 30. Nf2 Rxf4 31. d6 Rd8 32. Ne4 f5 33. Nf6
Rxh4 34. Bc6 Kg7 35. Ne8+ Kf8 36. d7 Rc4 37. Bb5 Rc5 38. Nd6 Rc7 39. Ne8 Rc5
40. Nd6 Rc7 41. Ne8 Rc5 42. Nd6 1/2-1/2

[Event "CAN-ch"]
[Site "Kingston CAN"]
[Date "2019.04.19"]
[Round "3.3"]
[White "Thavandiran, Shiyam"]
[Black "Plotkin, Mark"]
[Result "1/2-1/2"]
[WhiteElo "2412"]
[BlackElo "2326"]
[PlyCount "113"]
[EventDate "2019.04.18"]
[EventType "swiss"]
[EventRounds "9"]
[EventCountry "CAN"]

1. e4 g6 2. d4 Bg7 3. Nc3 d6 4. Be3 a6 5. Nf3 b5 6. Bd3 Nd7 7. e5 b4 8. e6 fxe6
9. Ng5 Nb6 10. Ne2 e5 11. Nxh7 Bf5 12. Ng5 Qd7 13. dxe5 Bxe5 14. g4 Bxd3 15.
Qxd3 Qxg4 16. Qxg6+ Kd7 17. Bxb6 cxb6 18. Rg1 Qc4 19. Qf5+ e6 20. Qf3 Qd5 21.
Qf7+ Ne7 22. Rd1 Qxa2 23. b3 Rh6 24. Qf3 d5 25. Nf7 Bxh2 26. Nxh6 Bxg1 27. Nxg1
Qxc2 28. Ne2 Rc8 29. Rc1 Qg6 30. Ng4 Rxc1+ 31. Nxc1 Nc6 32. Nd3 Qg5 33. Qf7+
Kd6 34. Nf6 Ne7 35. Ne8+ Kd7 36. Nf6+ Kd6 37. Qf8 e5 38. Qd8+ Ke6 39. Qxb6+ Kf7
40. Nd7 e4 41. N3e5+ Kg7 42. Qe6 Qc1+ 43. Ke2 Qb2+ 44. Kf1 Qc1+ 45. Kg2 Qg5+
46. Qg4 Qxg4+ 47. Nxg4 d4 48. Nc5 e3 49. f3 Nf5 50. Kf1 d3 51. Nxd3 Nd4 52. Nc1
Nxf3 53. Nxe3 Nd2+ 54. Ke2 Nxb3 55. Nxb3 a5 56. Nxa5 b3 57. Nxb3 1/2-1/2

[Event "CAN-ch"]
[Site "Kingston CAN"]
[Date "2019.04.19"]
[Round "3.5"]
[White "Plotkin, Victor"]
[Black "Rodrigue-Lemieux, Shawn"]
[Result "1-0"]
[WhiteElo "2304"]
[BlackElo "2282"]
[PlyCount "51"]
[EventDate "2019.04.18"]
[EventType "swiss"]
[EventRounds "9"]
[EventCountry "CAN"]

1. Nf3 Nf6 2. d4 e6 3. c4 b6 4. g3 Bb7 5. Bg2 Be7 6. O-O O-O 7. Nc3 Ne4 8. Qc2
Nxc3 9. Qxc3 f5 10. Rd1 Bf6 11. b4 a5 12. b5 d6 13. Ba3 Qe8 14. Rac1 Nd7 15.
Qe3 e5 16. Nxe5 f4 17. gxf4 Bxg2 18. Kxg2 dxe5 19. Bxf8 exd4 20. Qxe8 Rxe8 21.
Ba3 Rxe2 22. c5 Rxa2 23. c6 Nf8 24. Bd6 Bd8 25. Bxf8 Kxf8 26. Rxd4 1-0

[Event "CAN-ch"]
[Site "Kingston CAN"]
[Date "2019.04.19"]
[Round "3.6"]
[White "Doknjas, Joshua"]
[Black "Chen, Richard"]
[Result "0-1"]
[WhiteElo "2203"]
[BlackElo "2317"]
[PlyCount "66"]
[EventDate "2019.04.18"]
[EventType "swiss"]
[EventRounds "9"]
[EventCountry "CAN"]

1. e4 c5 2. Nf3 e6 3. d4 cxd4 4. Nxd4 Nc6 5. Nc3 Qc7 6. Be3 a6 7. Qd2 Nf6 8.
O-O-O Bb4 9. f3 Ne5 10. Nb3 b5 11. Qe1 Be7 12. f4 Ng6 13. e5 Ng4 14. Ne4 Nxe3
15. Qxe3 O-O 16. h4 Bb7 17. h5 Nxe5 18. fxe5 Qxe5 19. Rxd7 Qxe4 20. Qg3 Rac8
21. Bd3 Qxg2 22. Rg1 Qxg3 23. Rxg3 Bh4 24. Rg4 Bc6 25. Ra7 Bf2 26. Rxa6 Be3+
27. Kb1 f5 28. Rb4 f4 29. Na5 Bd5 30. Rxb5 f3 31. Rd6 f2 32. Bf1 Bg2 33. Rd1
Rcd8 0-1

[Event "CAN-ch"]
[Site "Kingston CAN"]
[Date "2019.04.19"]
[Round "3.7"]
[White "Wiebe, Isaac"]
[Black "Bareev, Evgeny"]
[Result "0-1"]
[WhiteElo "2053"]
[BlackElo "2642"]
[PlyCount "56"]
[EventDate "2019.04.18"]
[EventType "swiss"]
[EventRounds "9"]
[EventCountry "CAN"]

1. d4 f5 2. Nc3 d5 3. Bg5 g6 4. h4 Bg7 5. e3 Be6 6. Nf3 Nf6 7. Bd3 Nbd7 8. Bf4
c6 9. Ng5 Bg8 10. Nf3 Ne4 11. h5 Qb6 12. a3 Bf7 13. hxg6 hxg6 14. Rxh8+ Bxh8
15. g4 fxg4 16. Ng5 Nxg5 17. Bxg5 Bf6 18. Bf4 e5 19. dxe5 Bxe5 20. Bxe5 Nxe5
21. Na4 Qa5+ 22. Nc3 d4 23. b4 Qc7 24. exd4 Nf3+ 25. Kf1 O-O-O 26. Be4 Bc4+ 27.
Bd3 Qh2 28. Bxc4 Qh3+ 0-1

[Event "CAN-ch"]
[Site "Kingston CAN"]
[Date "2019.04.19"]
[Round "3.8"]
[White "Zhou, Qiyu"]
[Black "Saha, Ananda"]
[Result "1/2-1/2"]
[WhiteElo "2246"]
[BlackElo "2073"]
[PlyCount "90"]
[EventDate "2019.04.18"]
[EventType "swiss"]
[EventRounds "9"]
[EventCountry "CAN"]

1. e4 c5 2. Nf3 d6 3. d4 cxd4 4. Nxd4 Nf6 5. Nc3 g6 6. Be3 a6 7. f3 b5 8. Nd5
Nxd5 9. exd5 Bb7 10. c4 Qa5+ 11. Qd2 Qxd2+ 12. Kxd2 bxc4 13. Bxc4 Bg7 14. Rac1
O-O 15. Bb3 Nd7 16. Nc6 Bf6 17. Na5 Bc8 18. Rc7 Ne5 19. f4 Ng4 20. Ba7 e5 21.
Nc6 exf4 22. Ne7+ Bxe7 23. Rxe7 Bf5 24. h3 Ne5 25. Rc1 Rfc8 26. Rcc7 Rxc7 27.
Rxc7 h5 28. Bd4 Re8 29. Bxe5 Rxe5 30. Rc6 Be4 31. Rxd6 Bxg2 32. Rxa6 Bxd5 33.
Ra5 f3 34. Rxd5 f2 35. Rd8+ Kg7 36. Bc4 Re1 37. a4 f1=Q 38. Bxf1 Rxf1 39. a5
Ra1 40. b4 h4 41. Kc2 g5 42. Kb2 Ra4 43. Kb3 Ra1 44. Kb2 Ra4 45. Kb3 Ra1
1/2-1/2

[Event "CAN-ch"]
[Site "Kingston CAN"]
[Date "2019.04.19"]
[Round "3.9"]
[White "Findlay, Ian"]
[Black "Tanaka, Tyler"]
[Result "1-0"]
[WhiteElo "2233"]
[BlackElo "2067"]
[PlyCount "55"]
[EventDate "2019.04.18"]
[EventType "swiss"]
[EventRounds "9"]
[EventCountry "CAN"]

1. e4 c5 2. Nf3 d6 3. d4 cxd4 4. Nxd4 Nf6 5. Nc3 g6 6. Be3 Bg7 7. f3 Nc6 8. Qd2
O-O 9. O-O-O Nxd4 10. Bxd4 Be6 11. Kb1 Qc7 12. h4 Rfc8 13. h5 Qa5 14. hxg6 hxg6
15. a3 Rab8 16. Bd3 Bc4 17. Bxc4 Rxc4 18. Qd3 Rbc8 19. Nd5 Nxd5 20. Bxg7 Kxg7
21. exd5 Rxc2 22. Qd4+ f6 23. Qe3 Qd8 24. Qh6+ Kf7 25. Qh7+ Ke8 26. Qg8+ Kd7
27. Qe6+ Kc7 28. Kxc2 1-0

[Event "CAN-ch"]
[Site "Kingston CAN"]
[Date "2019.04.19"]
[Round "3.10"]
[White "Javidfard, Amirsalar"]
[Black "Gordon, David"]
[Result "0-1"]
[WhiteElo "2024"]
[BlackElo "2185"]
[PlyCount "134"]
[EventDate "2019.04.18"]
[EventType "swiss"]
[EventRounds "9"]
[EventCountry "CAN"]

1. d4 Nf6 2. Nf3 d5 3. c4 e6 4. Nc3 Be7 5. Bf4 O-O 6. e3 c5 7. dxc5 Nc6 8. a3
Bxc5 9. Qc2 Qa5 10. Nd2 Bb4 11. Rc1 Bxc3 12. Qxc3 Qxc3 13. Rxc3 e5 14. Bg5 d4
15. Rc1 Ng4 16. h3 dxe3 17. fxe3 f6 18. Be2 fxg5 19. Bxg4 Bxg4 20. hxg4 e4 21.
Rc3 Rae8 22. Rh3 h6 23. b4 Re7 24. c5 a6 25. Rc4 Rd8 26. Ke2 Rd3 27. a4 Ra3 28.
b5 Na5 29. Rb4 Ra2 30. Rh1 Rd7 31. Rd1 Rd5 32. c6 axb5 33. c7 Rc2 34. Rc4
Rdxd2+ 35. Rxd2 Rxc4 36. Rd8+ Kf7 37. c8=Q Rxc8 38. Rxc8 bxa4 39. Rc5 b6 40.
Rf5+ Ke6 41. Rb5 Nc4 42. Rb4 Kd5 43. Rxa4 b5 44. Ra7 b4 45. Rd7+ Kc5 46. Rc7+
Kb5 47. Rb7+ Ka4 48. Re7 b3 49. Rxe4 Kb5 50. Rd4 b2 51. Rd1 Na3 52. Kd3 b1=Q+
53. Rxb1+ Nxb1 54. Kd4 Kc6 55. Ke5 Kd7 56. Kf5 Ke7 57. Kg6 Kf8 58. e4 Nc3 59.
e5 Nd5 60. g3 Nf4+ 61. Kf5 Ne2 62. Kg6 Nd4 63. Kh5 Kg8 64. Kg6 Ne6 65. Kh5 Nf8
66. e6 Kh7 67. e7 g6# 0-1

[Event "CAN-ch"]
[Site "Kingston CAN"]
[Date "2019.04.19"]
[Round "3.11"]
[White "Rusonik, Max"]
[Black "Tremblay, Rejean"]
[Result "0-1"]
[WhiteElo "1900"]
[BlackElo "2146"]
[PlyCount "32"]
[EventDate "2019.04.18"]
[EventType "swiss"]
[EventRounds "9"]
[EventCountry "CAN"]

1. e4 c5 2. Nf3 d6 3. d4 cxd4 4. Nxd4 Nf6 5. f3 Nc6 6. c4 Nxd4 7. Qxd4 g6 8.
Nc3 Bg7 9. Bg5 O-O 10. Qe3 Be6 11. Rc1 Qa5 12. Be2 Rac8 13. b3 b5 14. cxb5 Nd7
15. O-O Bxc3 16. Bxe7 Bd2 0-1

[Event "CAN-ch"]
[Site "Kingston CAN"]
[Date "2019.04.19"]
[Round "3.12"]
[White "Desforges, Jean"]
[Black "Kang, Dorian"]
[Result "1/2-1/2"]
[WhiteElo "2235"]
[BlackElo "2035"]
[PlyCount "101"]
[EventDate "2019.04.18"]
[EventType "swiss"]
[EventRounds "9"]
[EventCountry "CAN"]

1. d4 Nf6 2. c4 g6 3. Nc3 d5 4. cxd5 Nxd5 5. Bd2 Bg7 6. e4 Nb6 7. Be3 O-O 8.
Be2 e5 9. Nf3 exd4 10. Nxd4 Qe7 11. Qc2 Be6 12. Nxe6 Qxe6 13. O-O a6 14. Rfd1
Nc6 15. Nd5 Rac8 16. Nxc7 Rxc7 17. Bxb6 Rcc8 18. Bc4 Qf6 19. Qb3 Qxb2 20. Qxb2
Bxb2 21. Rab1 Bf6 22. f4 Bd8 23. Bd5 Bxb6+ 24. Rxb6 Na5 25. Rdb1 Rc2 26. a3 Rc3
27. a4 Ra3 28. R6b4 Rc8 29. R1b2 Rc1+ 30. Kf2 Rca1 31. Bxb7 Nxb7 32. Rxb7 Rxa4
33. R7b4 a5 34. Rxa4 Rxa4 35. Ke3 Kf8 36. Rb7 Ra2 37. Kf3 a4 38. Ra7 a3 39. h4
Ra1 40. e5 a2 41. Kg4 h6 42. h5 gxh5+ 43. Kf5 Kg7 44. g3 Rg1 45. Rxa2 Rxg3 46.
Rh2 Re3 47. Rxh5 Ra3 48. Rh4 Ra6 49. Rg4+ Kf8 50. Rg2 Ke7 51. Rg1 1/2-1/2

[Event "CAN-ch"]
[Site "Kingston CAN"]
[Date "2019.04.19"]
[Round "3.13"]
[White "Li, William"]
[Black "Gentes, Kevin"]
[Result "0-1"]
[WhiteElo "2096"]
[BlackElo "2220"]
[PlyCount "90"]
[EventDate "2019.04.18"]
[EventType "swiss"]
[EventRounds "9"]
[EventCountry "CAN"]

1. e4 e5 2. Nf3 Nc6 3. Bb5 a6 4. Ba4 Nf6 5. O-O Be7 6. Re1 b5 7. Bb3 d6 8. c3
O-O 9. h3 Na5 10. Bc2 c5 11. d4 Qc7 12. d5 c4 13. b4 cxb3 14. axb3 Nb7 15. b4
Bd7 16. Bd3 g6 17. Bh6 Rfc8 18. Re2 Nd8 19. Rea2 Qb7 20. g4 Ne8 21. Qe2 Nc7 22.
Qe3 f6 23. Qe2 Nf7 24. Bd2 Kh8 25. Kh2 Rg8 26. c4 bxc4 27. Bxc4 f5 28. Ne1 Nb5
29. Nc2 Ng5 30. f3 fxe4 31. Bxg5 Bxg5 32. Qxe4 Qb6 33. Ne1 Rgf8 34. Bxb5 Bxb5
35. Ng2 Rac8 36. Na3 Bf4+ 37. Kh1 Be8 38. h4 Rc3 39. Rf1 Qc7 40. Rc2 Rxc2 41.
Qxc2 Qxc2 42. Nxc2 Bb5 43. Ra1 Bg3 44. Nce3 Rxf3 45. Rc1 Bf2 0-1

[Event "CAN-ch"]
[Site "Kingston CAN"]
[Date "2019.04.19"]
[Round "3.14"]
[White "Dukic, Zachary"]
[Black "Yao, Houji"]
[Result "1-0"]
[WhiteElo "2167"]
[BlackElo "2018"]
[PlyCount "135"]
[EventDate "2019.04.18"]
[EventType "swiss"]
[EventRounds "9"]
[EventCountry "CAN"]

1. e4 c5 2. Nf3 e6 3. d4 cxd4 4. Nxd4 Nc6 5. Nc3 Qc7 6. Be3 a6 7. Qd2 Nf6 8.
O-O-O Be7 9. f3 b5 10. Nxc6 dxc6 11. g4 O-O 12. Qf2 e5 13. h4 Rd8 14. Bd3 Rb8
15. h5 Be6 16. g5 Nd7 17. g6 fxg6 18. hxg6 h6 19. Kb1 Qa5 20. Qh2 Bf6 21. Bf1
Nf8 22. Rxd8 Qxd8 23. Rg1 Qa5 24. Bh3 Bc4 25. Bf5 b4 26. Na4 Bxa2+ 27. Kxa2
Qxa4+ 28. Kb1 b3 29. cxb3 Qxb3 30. Qe2 Be7 31. Rc1 Ba3 32. Rc2 a5 33. Bc1 Ne6
34. Rxc6 Nd4 35. Qc4+ Qxc4 36. Rxc4 Bd6 37. Bg4 Kf8 38. f4 Nb5 39. Ka2 exf4 40.
e5 Bxe5 41. Bxf4 Bd6 42. Bd2 Bb4 43. Rf4+ Ke8 44. Bxb4 axb4 45. Rf7 Ra8+ 46.
Kb3 Ra7 47. Kxb4 Nc7 48. Kc4 Ra1 49. Rxg7 Rf1 50. Be2 Rf4+ 51. Kd3 Ne6 52. Ra7
Kf8 53. Kd2 Ng7 54. b3 h5 55. Ke3 Rf6 56. Bd3 h4 57. Ra4 Rb6 58. Rf4+ Ke8 59.
Bc2 Rc6 60. Kd2 Rd6+ 61. Kc1 h3 62. Rh4 Ke7 63. Rxh3 Kf6 64. Rf3+ Kg5 65. Kb2
Ne8 66. b4 Nf6 67. g7 Rd8 68. Rf5+ 1-0

[Event "CAN-ch"]
[Site "Kingston CAN"]
[Date "2019.04.19"]
[Round "3.15"]
[White "Noritsyn, Sergey"]
[Black "Munro, Allan"]
[Result "1-0"]
[WhiteElo "2159"]
[BlackElo "2019"]
[PlyCount "119"]
[EventDate "2019.04.18"]
[EventType "swiss"]
[EventRounds "9"]
[EventCountry "CAN"]

1. e4 c6 2. d4 d5 3. exd5 cxd5 4. Nf3 Nc6 5. Ne5 Nf6 6. Bb5 Bd7 7. Nxd7 Qxd7 8.
c3 e6 9. O-O Bd6 10. Nd2 O-O 11. Nf3 Qc7 12. g3 a6 13. Ba4 b5 14. Bc2 Rfc8 15.
Qe2 b4 16. Bd2 bxc3 17. bxc3 Na5 18. Ne5 Bxe5 19. dxe5 Nd7 20. f4 Nc4 21. Rf3
Rab8 22. g4 Rb2 23. Bc1 Rbb8 24. g5 Qa5 25. Rh3 Nf8 26. f5 exf5 27. Bxf5 Re8
28. Bf4 Rb2 29. Bc2 g6 30. a4 Na3 31. Rxa3 Qc5+ 32. Kg2 Qxa3 33. Bc1 Qa2 34.
Bxb2 Qxb2 35. Rf3 Rc8 36. Rxf7 Ne6 37. Rf2 Rc4 38. Qd2 Kg7 39. h3 Qxc3 40. Qxc3
Rxc3 41. h4 a5 42. Bd1 Re3 43. Re2 Rxe2+ 44. Bxe2 h6 45. gxh6+ Kxh6 46. Bb5 Kg7
47. Kf3 Kf7 48. Ke3 Ke7 49. Bc6 Ng7 50. Bxd5 Nf5+ 51. Kf4 Nxh4 52. Kg5 Nf5 53.
Kxg6 Ne3 54. Bb3 Ng4 55. Kf5 Ne3+ 56. Ke4 Ng4 57. Kf4 Nf2 58. Bc2 Nh3+ 59. Kg4
Ng1 60. Bd1 1-0

[Event "CAN-ch"]
[Site "Kingston CAN"]
[Date "2019.04.19"]
[Round "3.17"]
[White "Huang, Qiuyu"]
[Black "Masse, Hugues"]
[Result "0-1"]
[WhiteElo "2024"]
[BlackElo "2163"]
[PlyCount "84"]
[EventDate "2019.04.18"]
[EventType "swiss"]
[EventRounds "9"]
[EventCountry "CAN"]

1. e4 e5 2. Nf3 Nf6 3. d4 Nxe4 4. Bd3 Nc6 5. Bxe4 d5 6. Bd3 e4 7. Bb5 exf3 8.
Qxf3 Qe7+ 9. Qe3 Qxe3+ 10. Bxe3 Bd7 11. Nc3 Ne7 12. Bf4 O-O-O 13. Kd2 c6 14.
Bd3 Bf5 15. a4 Bxd3 16. Kxd3 Ng6 17. Be3 Bb4 18. a5 Bxc3 19. bxc3 Ne7 20. Rab1
Nf5 21. Bf4 f6 22. h3 Rhe8 23. Rb4 Re7 24. Rhb1 g5 25. Bh2 Nh4 26. g4 Nf3 27.
Bg3 Ne1+ 28. Kd2 Rde8 29. a6 Re2+ 30. Kd1 b5 31. Be5 Rxf2 32. Kxe1 Rh2 33. Kf1
fxe5 34. Kg1 Rxc2 35. Rf1 Kd7 36. Rbb1 Rxc3 37. Rf5 exd4 38. Rxg5 Rxh3 39. Rf1
Rg3+ 40. Kh2 Rge3 41. Rf7+ R8e7 42. Rf8 Ra3 0-1

[Event "CAN-ch"]
[Site "Kingston CAN"]
[Date "2019.04.20"]
[Round "4.1"]
[White "Plotkin, Mark"]
[Black "Yang, Kaiqi"]
[Result "0-1"]
[WhiteElo "2326"]
[BlackElo "2505"]
[PlyCount "92"]
[EventDate "2019.04.18"]
[EventType "swiss"]
[EventRounds "9"]
[EventCountry "CAN"]

1. e4 e5 2. d4 exd4 3. c3 d5 4. exd5 Nf6 5. cxd4 Nxd5 6. Nc3 Bb4 7. Bd2 Nc6 8.
Nf3 Bg4 9. Be2 O-O 10. O-O Re8 11. h3 Bh5 12. Re1 Qd6 13. Qb3 Rxe2 14. Rxe2
Bxf3 15. Nb5 Nxd4 16. Nxd4 Bxe2 17. Bxb4 Nxb4 18. Nxe2 a5 19. Nc3 Qe6 20. Qxe6
fxe6 21. Re1 Kf7 22. a3 Nd5 23. Ne4 h6 24. Nc5 b6 25. Nd3 a4 26. f4 Kf6 27. Kf2
Ra5 28. Re4 g5 29. g3 gxf4 30. gxf4 Ne7 31. Ke2 Nf5 32. Kd2 Nd6 33. Rd4 Ke7 34.
Ne5 Rd5 35. Rxd5 exd5 36. Kc3 c5 37. b3 d4+ 38. Kc2 axb3+ 39. Kxb3 Ke6 40. a4
Kd5 41. Nd7 c4+ 42. Kb2 d3 43. Nxb6+ Kd4 44. a5 c3+ 45. Kb3 d2 46. Kc2 Nf5 0-1

[Event "CAN-ch"]
[Site "Kingston CAN"]
[Date "2019.04.20"]
[Round "4.2"]
[White "Noritsyn, Nikolay"]
[Black "Plotkin, Victor"]
[Result "1-0"]
[WhiteElo "2489"]
[BlackElo "2304"]
[PlyCount "43"]
[EventDate "2019.04.18"]
[EventType "swiss"]
[EventRounds "9"]
[EventCountry "CAN"]

1. d4 Nf6 2. c4 e6 3. Nc3 Bb4 4. Nf3 O-O 5. Bg5 h6 6. Bh4 d5 7. e3 c6 8. Bd3
Nbd7 9. O-O Qe7 10. Ne5 Rd8 11. f4 dxc4 12. Bxc4 c5 13. Ne4 cxd4 14. exd4 Nxe4
15. Bxe7 Bxe7 16. Qe2 Ndf6 17. Rad1 a6 18. f5 Nd6 19. fxe6 fxe6 20. Ng6 Kf7 21.
Nxe7 Kxe7 22. Bb3 1-0

[Event "CAN-ch"]
[Site "Kingston CAN"]
[Date "2019.04.20"]
[Round "4.4"]
[White "Bareev, Evgeny"]
[Black "Hua, Eugene"]
[Result "1-0"]
[WhiteElo "2642"]
[BlackElo "2329"]
[PlyCount "107"]
[EventDate "2019.04.18"]
[EventType "swiss"]
[EventRounds "9"]
[EventCountry "CAN"]

1. d4 Nf6 2. Nf3 d5 3. c4 e6 4. g3 dxc4 5. Bg2 a6 6. Ne5 Bb4+ 7. Nc3 Nd5 8. O-O
O-O 9. Bd2 Nb6 10. Ne4 Bxd2 11. Qxd2 N8d7 12. Qa5 Nd5 13. Nxc4 b6 14. Qa3 Bb7
15. Rfd1 Rb8 16. Rac1 Qe7 17. Qxe7 Nxe7 18. b4 Bd5 19. Rd2 Rbc8 20. Rdc2 Nc6
21. Ne3 Nxb4 22. Rxc7 Rxc7 23. Rxc7 Bxe4 24. Bxe4 Nf6 25. Bb1 g5 26. a3 Nbd5
27. Nxd5 Nxd5 28. Rc6 Rd8 29. Bd3 a5 30. Bb5 Ne7 31. Rxb6 Rxd4 32. Ra6 Nd5 33.
Rxa5 Nc3 34. Bd3 h6 35. Rc5 Na4 36. Rc4 Rxc4 37. Bxc4 Nc5 38. f4 gxf4 39. gxf4
Kf8 40. Kf2 Ke7 41. Kf3 Kf6 42. Ke3 Ke7 43. Kd4 Kd6 44. e4 f6 45. Ke3 e5 46.
Kf3 Na4 47. Kg4 Nc3 48. Kf5 exf4 49. Kxf4 Kc5 50. Bd3 Kd4 51. Bc2 Nb5 52. a4
Nd6 53. a5 Kc5 54. Bd3 1-0

[Event "CAN-ch"]
[Site "Kingston CAN"]
[Date "2019.04.20"]
[Round "4.5"]
[White "Gordon, David"]
[Black "Hambleton, Aman"]
[Result "0-1"]
[WhiteElo "2185"]
[BlackElo "2484"]
[PlyCount "80"]
[EventDate "2019.04.18"]
[EventType "swiss"]
[EventRounds "9"]
[EventCountry "CAN"]

1. d4 e6 2. e4 b6 3. Nf3 Bb7 4. Bd3 d5 5. exd5 Qxd5 6. O-O Nf6 7. Nc3 Qd8 8.
Bg5 Be7 9. Qe2 Nbd7 10. Ba6 Bxa6 11. Qxa6 Qc8 12. Qc4 O-O 13. Qc6 Bd6 14. Rfe1
Re8 15. Re2 h6 16. Bh4 a6 17. a4 Rb8 18. Ne5 Qb7 19. Bxf6 Nxf6 20. Qxb7 Rxb7
21. Nc6 b5 22. axb5 axb5 23. Ra6 b4 24. Ne4 Nxe4 25. Rxe4 Rb6 26. Rxb6 cxb6 27.
d5 Ra8 28. g3 exd5 29. Rd4 Bc5 30. Rxd5 Ra2 31. Ne5 Rxb2 32. Rd8+ Kh7 33. Nxf7
Rxc2 34. Rh8+ Kg6 35. Ne5+ Kf5 36. Nd3 b3 37. Re8 b2 38. Re5+ Kg6 39. Re1 Bxf2+
40. Nxf2 Rc1 0-1

[Event "CAN-ch"]
[Site "Kingston CAN"]
[Date "2019.04.20"]
[Round "4.7"]
[White "Chen, Richard"]
[Black "Tremblay, Rejean"]
[Result "1/2-1/2"]
[WhiteElo "2317"]
[BlackElo "2146"]
[PlyCount "84"]
[EventDate "2019.04.18"]
[EventType "swiss"]
[EventRounds "9"]
[EventCountry "CAN"]

1. e4 c5 2. Nf3 d6 3. Bb5+ Nd7 4. O-O Ngf6 5. Re1 a6 6. Bf1 e5 7. c3 Be7 8. a4
O-O 9. d4 b6 10. dxe5 dxe5 11. c4 Re8 12. Nc3 Bf8 13. Bd2 Rb8 14. Qc2 g6 15. a5
Bg7 16. Reb1 bxa5 17. Nd5 Rb4 18. Bxb4 axb4 19. Rd1 Re6 20. Nd2 Nb8 21. Nb3
Nfd7 22. Na5 Rd6 23. Be2 Nf8 24. Nb3 Ne6 25. Bg4 Nd4 26. Nxd4 Bxg4 27. f3 exd4
28. fxg4 Nd7 29. h3 Be5 30. Qf2 f6 31. Kh1 Kh8 32. Ra2 a5 33. b3 g5 34. g3 Nf8
35. Kg2 Ng6 36. Ra4 Kg7 37. Qa2 Rxd5 38. cxd5 Bc7 39. Qf2 Qd6 40. Rda1 Qd8 41.
Rf1 Qd6 42. Rfa1 Qd8 1/2-1/2

[Event "CAN-ch"]
[Site "Kingston CAN"]
[Date "2019.04.20"]
[Round "4.8"]
[White "Rodrigue-Lemieux, Shawn"]
[Black "Noritsyn, Sergey"]
[Result "1-0"]
[WhiteElo "2282"]
[BlackElo "2159"]
[PlyCount "159"]
[EventDate "2019.04.18"]
[EventType "swiss"]
[EventRounds "9"]
[EventCountry "CAN"]

1. a3 Nf6 2. c4 c6 3. e3 e5 4. Nc3 d5 5. d4 e4 6. Qb3 a6 7. Bd2 b5 8. cxd5 cxd5
9. Rc1 Be6 10. Nge2 Be7 11. Nf4 O-O 12. Be2 Nbd7 13. O-O Nb6 14. f3 exf3 15.
Bxf3 Nc4 16. Rcd1 Bd6 17. Nxe6 fxe6 18. Qc2 Qc7 19. h3 Rac8 20. e4 Qa7 21. Bg5
e5 22. Bxf6 Ne3 23. Qb3 Nxd1 24. Rxd1 Rxf6 25. Nxd5 Rf7 26. Bh5 g6 27. Bg4 Rc4
28. Be6 exd4 29. Rf1 d3+ 30. Kh1 Kh8 31. Bxf7 Qxf7 32. Ne3 Qe6 33. Nxc4 bxc4
34. Qc3+ Qe5 35. Qxe5+ Bxe5 36. Rc1 Kg7 37. Kg1 Bxb2 38. Rxc4 Bxa3 39. Rc7+ Kf6
40. Rd7 Ke5 41. Rxd3 Bc5+ 42. Kf1 Kxe4 43. Rd7 h5 44. Rc7 Kd4 45. Rg7 a5 46.
Rxg6 a4 47. Ke2 Kc4 48. Kd1 Kb3 49. Kc1 Bd4 50. Rg8 Be5 51. Rg6 Bd4 52. Rd6 Bc5
53. Rd8 Ba7 54. Rd3+ Ka2 55. Rd2+ Kb3 56. Kb1 h4 57. Rd3+ Kc4 58. Ra3 Kb4 59.
Rf3 Bb8 60. Re3 Kb5 61. Ka2 Bf4 62. Rf3 Bd6 63. Rf5+ Kc4 64. Rg5 Be7 65. Rg7
Bf6 66. Rf7 Be5 67. Rf3 Bd6 68. Rf6 Be5 69. Rg6 Bg3 70. Ka3 Kd3 71. Re6 Kd4 72.
Kxa4 Be5 73. Kb3 Ke4 74. Kc4 Kf4 75. Kd3 Bc7 76. Rg6 Kf5 77. Rg4 Bd8 78. Ke3
Bg5+ 79. Rxg5+ Kxg5 80. Ke4 1-0